| 000 | 00432nam a22001817a 4500 | ||
|---|---|---|---|
| 003 | OSt | ||
| 005 | 20180116183008.0 | ||
| 008 | 150825b xxu||||| |||| 00| 0 eng d | ||
| 020 | _a0 | ||
| 040 |
_a0 _c0 |
||
| 082 | _a813.54 GAN 1970 | ||
| 100 | _aErnest K. Gann | ||
| 245 |
_aAntagonists _cErnnst K. Gann |
||
| 260 |
_aNew York _bA Signet Book _c1970 |
||
| 440 | _aAntagonists | ||
| 600 | _aErnnst K. Gann | ||
| 942 |
_2ddc _cBK |
||
| 999 |
_c350166 _d350166 |
||